ASP.NET 2.0 unleashed / (Record no. 5679)
[ view plain ]
| 000 -LEADER | |
|---|---|
| fixed length control field | 00732cam a22002417a 4500 |
| 003 - CONTROL NUMBER IDENTIFIER | |
| control field | OSt |
| 005 - DATE AND TIME OF LATEST TRANSACTION | |
| control field | 20150713101408.0 |
| 008 - FIXED-LENGTH DATA ELEMENTS--GENERAL INFORMATION | |
| fixed length control field | 060810s2006 inua 001 0 eng d |
| 020 ## - INTERNATIONAL STANDARD BOOK NUMBER | |
| International Standard Book Number | 0672328232 |
| 040 ## - CATALOGING SOURCE | |
| Original cataloging agency | SEKU |
| 050 00 - LIBRARY OF CONGRESS CALL NUMBER | |
| Classification number | TK 5105.8885.A26 |
| Item number | .W3 |
| 100 1# - MAIN ENTRY--PERSONAL NAME | |
| Personal name | Walther, Stephen. |
| 245 10 - TITLE STATEMENT | |
| Title | ASP.NET 2.0 unleashed / |
| Statement of responsibility, etc. | Stephen Walther. |
| 260 ## - PUBLICATION, DISTRIBUTION, ETC. (IMPRINT) | |
| Place of publication, distribution, etc. | Indianapolis, Ind. : |
| Name of publisher, distributor, etc. | Sams, |
| Date of publication, distribution, etc. | c2006. |
| 300 ## - PHYSICAL DESCRIPTION | |
| Extent | xxii, 1963 p. : |
| Other physical details | ill. ; |
| Dimensions | 24 cm. |
| 504 ## - BIBLIOGRAPHY, ETC. NOTE | |
| Bibliography, etc | Includes index. |
| 630 00 - SUBJECT ADDED ENTRY--UNIFORM TITLE | |
| Uniform title | Active server pages. |
| 650 #0 - SUBJECT ADDED ENTRY--TOPICAL TERM | |
| Topical term or geographic name as entry element | Web sites |
| General subdivision | Design. |
| 650 #0 - SUBJECT ADDED ENTRY--TOPICAL TERM | |
| Topical term or geographic name as entry element | Web site development. |
| 650 #0 - SUBJECT ADDED ENTRY--TOPICAL TERM | |
| Topical term or geographic name as entry element | Microsoft .NET Framework. |
| 856 41 - ELECTRONIC LOCATION AND ACCESS | |
| Materials specified | Table of contents only |
| Uniform Resource Identifier | <a href="http://www.loc.gov/catdir/toc/fy0707/2006901233.html">http://www.loc.gov/catdir/toc/fy0707/2006901233.html</a> |
| 942 ## - ADDED ENTRY ELEMENTS (KOHA) | |
| Source of classification or shelving scheme | Library of Congress Classification |
| Koha item type | General circulation |
| Withdrawn status | Lost status | Source of classification or shelving scheme | Damaged status | Not for loan | Home library | Current library | Shelving location | Date acquired | Source of acquisition | Total Checkouts | Full call number | Barcode | Date last seen | Price effective from | Koha item type | Public note |
|---|---|---|---|---|---|---|---|---|---|---|---|---|---|---|---|---|
| Library of Congress Classification | Main Campus Library | Main Campus Library | General Stacks | 13/07/2015 | Donation - Books for Africa | TK 5105.8885.A26 .W3 | 2015/002466 | 13/07/2015 | 13/07/2015 | General circulation | JTH | |||||
| Library of Congress Classification | Main Campus Library | Main Campus Library | Audio Visual | 07/06/2017 | TK 5105.8885 .A26 .W3 | 2017/019710 | 07/06/2017 | 07/06/2017 | CD/DVD-ROMs | stv |